000 00603nam a2200217Ia 4500
003 OSt
005 20220926040238.0
006 a|||||r|||| 00| 0
007 ta
008 220923b |||||||| |||| 00| 0 eng d
037 _cGeneral Book
040 _aRTL
_cRTL
_beng
041 _2eng
_aeng
082 _aB28, K2
100 _aSavage L J
_9343381
245 0 _aFoundations of statistical inference
260 _c1962
490 _amethuen`s monographs on applied probability and statistics ed by M S Bartlett
942 _hB28, K2
_cGB
_2CC
999 _c664291
_d664291